000 01035nam a2200289 a 4500
001 BRCA_4202
005 20190320204601.0
008 010610s1999----mx-d######---#000-0#spa-#
020 _a9684140223
041 _aspa
044 _amx
050 4 _aF1386.9
_b.M66 1999
100 1 _aMondragón Barrios, Lourdes
_910839
245 1 0 _aEsclavos africanos en la Ciudad de México
_bel servicio doméstico durante el siglo XVI
_cLourdes Mondragón Barrios.
260 _aMéxico
_bEdiciones Euroamericanas : CONACULTA-INAH
_cc1999
300 _a83 p.
_bil.
_c22 cm.
440 0 _aPáginas mesoamericanas
_v2
_910840
500 _aEjemplar engargolado
500 _aPor política no se presta a domicilio
504 _aBibliografía: p. 73-82
650 1 4 _aNegros
_xHistoria
_ySiglo XVI
_zMéxico
_910841
650 1 4 _aEsclavitud
_xHistoria
_ySiglo XVI
_zMéxico
_910842
650 1 4 _aTrabajo a domicilio
_xHistoria
_ySiglo XVI
_zMéxico
_910843
651 4 _aCiudad de México
_xHistoria
_ySiglo XVI
_910844
902 _aeng
942 _2lcc
_cB
999 _c3917
_d3917